[Event "CP-2010-P-00067"]
[Site "LSS email"]
[Date "2010.09.28"]
[Round "?"]
[White "Suarez, Roberto"]
[Black "Veloso Fargnoli, Rodrigo"]
[Result "1-0"]
[WhiteElo "1423"]
[BlackElo "2155"]
[PlyCount "35"]
[EventDate "2010.10.01"]
[EventType "tourn (corr)"]
[EventRounds "6"]
[EventCountry "GER"]
[SourceTitle "Telechess CBM 143"]
[Source "ChessBase"]
[SourceDate "2011.07.15"]
[SourceVersion "1"]
[SourceVersionDate "2011.07.15"]
[SourceQuality "1"]

1. d4 Nf6 2. c4 e6 3. Nf3 b6 4. g3 Bb7 5. Bg2 Be7 6. Nc3 0-0 7. 0-0 Ne4 8. d5 Nxc3 9. bxc3 Na6 10. e4 Nc5 11. Re1 Ba6 12. Qe2 exd5 13. exd5 Bf6 14. Bd2 Re8 15. Qf1 Ne4 16. Rac1 Nd6 17. Rxe8+ Qxe8 18. Re1 1-0

[Event "LSS RM-2010-0-00058"]
[Site "LSS email"]
[Date "2010.08.06"]
[Round "?"]
[White "Veloso Fargnoli, Rodrigo"]
[Black "Kuhne, Detlev"]
[Result "0-1"]
[WhiteElo "2133"]
[BlackElo "2258"]
[PlyCount "68"]
[EventDate "2010.06.10"]
[EventType "tourn (corr)"]
[EventRounds "6"]
[EventCountry "GER"]
[SourceTitle "Telechess CBM 147"]
[Source "ChessBase"]
[SourceDate "2012.03.16"]
[SourceVersion "1"]
[SourceVersionDate "2012.03.16"]
[SourceQuality "1"]

1. e4 c5 2. Nf3 d6 3. d4 cxd4 4. Nxd4 Nf6 5. Nc3 a6 6. Be3 e6 7. f3 b5 8. Qd2 Nbd7 9. g4 b4 10. Na4 h6 11. 0-0-0 Qc7 12. h4 Rb8 13. Be2 g6 14. c4 d5 15. g5 hxg5 16. hxg5 Rxh1 17. Rxh1 Nh5 18. exd5 exd5 19. f4 Ng3 20. Re1 Bb7 21. Kb1 dxc4 22. Bf2 Ne4 23. Bf3 f5 24. Bxe4 Bxe4+ 25. Ka1 Kf7 26. Rc1 Qa5 27. b3 cxb3 28. axb3 Nc5 29. Rxc5 Bxc5 30. Nc6 Bxc6 31. Bxc5 Qd8 32. Qc2 Qe8 33. Bd6 Rc8 34. Qc4+ Qe6 0-1

[Event "LSS RM-2010-0-00058"]
[Site "LSS email"]
[Date "2010.08.03"]
[Round "?"]
[White "Almeida, Ramiro da Costa"]
[Black "Veloso Fargnoli, Rodrigo"]
[Result "1/2-1/2"]
[WhiteElo "2140"]
[BlackElo "2195"]
[PlyCount "41"]
[EventDate "2010.06.10"]
[EventType "tourn (corr)"]
[EventRounds "6"]
[EventCountry "GER"]
[SourceTitle "Telechess CBM 143"]
[Source "ChessBase"]
[SourceDate "2011.07.15"]
[SourceVersion "1"]
[SourceVersionDate "2011.07.15"]
[SourceQuality "1"]

1. d4 d5 2. c4 c6 3. Nf3 Nf6 4. Nc3 dxc4 5. a4 Bf5 6. e3 e6 7. Bxc4 Bb4 8. 0-0 Nbd7 9. Qe2 Bg6 10. Rd1 0-0 11. Bd3 Bxd3 12. Rxd3 Qa5 13. Bd2 h6 14. e4 e5 15. Nb1 Rfe8 16. Bxb4 Qxb4 17. Nc3 exd4 18. Rxd4 Qe7 19. Rad1 Nf8 20. Nh4 g6 21. Nf3 1/2-1/2

[Event "LSS RM-2010-0-00057"]
[Site "LSS email"]
[Date "2010.07.30"]
[Round "?"]
[White "Veloso Fargnoli, Rodrigo"]
[Black "Djoudi, Amar"]
[Result "1/2-1/2"]
[WhiteElo "2163"]
[BlackElo "2248"]
[PlyCount "91"]
[EventDate "2010.06.03"]
[EventType "tourn (corr)"]
[EventRounds "6"]
[EventCountry "GER"]
[SourceTitle "Telechess CBM 143"]
[Source "ChessBase"]
[SourceDate "2011.07.15"]
[SourceVersion "1"]
[SourceVersionDate "2011.07.15"]
[SourceQuality "1"]

1. e4 c5 2. Nf3 Nc6 3. d4 cxd4 4. Nxd4 Nf6 5. Nc3 e5 6. Ndb5 d6 7. Bg5 a6 8. Na3 b5 9. Bxf6 gxf6 10. Nd5 f5 11. Bd3 Be6 12. 0-0 Bg7 13. Qh5 f4 14. c4 bxc4 15. Bxc4 0-0 16. Rac1 Rb8 17. b3 Qd7 18. Rfd1 Kh8 19. h3 Nd4 20. Nc2 Nxc2 21. Rxc2 f5 22. exf5 Rxf5 23. Qh4 Qf7 24. Qe7 e4 25. Qxf7 Bxf7 26. Rcd2 Re8 27. Nc7 Rg8 28. Bd5 e3 29. fxe3 fxe3 30. Re2 Rc8 31. Be6 Bxe6 32. Nxe6 Be5 33. Nd4 Rf2 34. Rxf2 exf2+ 35. Kxf2 Bxd4+ 36. Rxd4 Rc2+ 37. Kf3 Rxa2 38. Rxd6 a5 39. Ra6 Kg7 40. g3 h5 41. Kf4 Ra3 42. Rb6 a4 43. bxa4 Rxa4+ 44. Kg5 Ra5+ 45. Kh4 Rc5 46. Rd6 1/2-1/2

[Event "LSS RA-2010-0-00098"]
[Site "LSS email"]
[Date "2010.07.17"]
[Round "?"]
[White "Szabo, Mihaly"]
[Black "Veloso Fargnoli, Rodrigo"]
[Result "0-1"]
[WhiteElo "2135"]
[BlackElo "2192"]
[PlyCount "38"]
[EventDate "2010.06.11"]
[EventType "tourn (corr)"]
[EventRounds "6"]
[EventCountry "GER"]
[SourceTitle "Telechess CBM 143"]
[Source "ChessBase"]
[SourceDate "2011.07.15"]
[SourceVersion "1"]
[SourceVersionDate "2011.07.15"]
[SourceQuality "1"]

1. d4 Nf6 2. c4 e6 3. Nf3 Bb4+ 4. Bd2 Qe7 5. e3 Bxd2+ 6. Nfxd2 0-0 7. Nc3 d6 8. Be2 e5 9. 0-0 exd4 10. exd4 Nc6 11. d5 Ne5 12. Nb3 c5 13. dxc6 bxc6 14. Re1 Qc7 15. Qd2 Re8 16. Rad1 Be6 17. Qxd6 Qxd6 18. Rxd6 Nxc4 19. Na5 Nxd6 0-1

[Event "LSS RA-2010-0-00098"]
[Site "LSS email"]
[Date "2010.07.17"]
[Round "?"]
[White "Veloso Fargnoli, Rodrigo"]
[Black "Rovchakov, Vladimir Petrovich"]
[Result "1/2-1/2"]
[WhiteElo "2181"]
[BlackElo "2108"]
[PlyCount "65"]
[EventDate "2010.06.11"]
[EventType "tourn (corr)"]
[EventRounds "6"]
[EventCountry "GER"]
[SourceTitle "Telechess CBM 143"]
[Source "ChessBase"]
[SourceDate "2011.07.15"]
[SourceVersion "1"]
[SourceVersionDate "2011.07.15"]
[SourceQuality "1"]

1. e4 e5 2. Nf3 Nf6 3. Nxe5 d6 4. Nf3 Nxe4 5. d4 d5 6. Bd3 Be7 7. 0-0 Nc6 8. c4 Nb4 9. Be2 0-0 10. Nc3 Bf5 11. a3 Nxc3 12. bxc3 Nc6 13. Re1 Re8 14. cxd5 Qxd5 15. Bf4 Rac8 16. Bd3 Qd7 17. Rb1 b6 18. d5 Bxd3 19. Qxd3 Bf6 20. c4 Ne7 21. h3 Ng6 22. Bg3 h5 23. Nd4 h4 24. Bh2 Bxd4 25. Qxd4 Re7 26. Re3 Rxe3 27. fxe3 Qa4 28. Ra1 Qb3 29. c5 bxc5 30. Qxc5 Re8 31. Bxc7 Rxe3 32. d6 Nf8 33. Qd4 1/2-1/2

[Event "CP-2008-Q-00013"]
[Site "LSS email"]
[Date "2010.01.22"]
[Round "?"]
[White "Sciarretta, Robert W"]
[Black "Veloso Fargnoli, Rodrigo"]
[Result "1/2-1/2"]
[WhiteElo "2112"]
[BlackElo "2179"]
[PlyCount "48"]
[EventDate "2010.01.15"]
[EventType "tourn (corr)"]
[EventRounds "6"]
[EventCountry "GER"]
[SourceTitle "Corr 2013"]
[Source "ChessBase"]
[SourceDate "2012.11.12"]
[SourceVersion "1"]
[SourceVersionDate "2012.11.12"]
[SourceQuality "1"]

1. d4 Nf6 2. c4 e6 3. Nf3 Bb4+ 4. Bd2 Qe7 5. g3 Nc6 6. Nc3 Bxc3 7. Bxc3 Ne4 8. Rc1 0-0 9. Bg2 d6 10. d5 Nd8 11. 0-0 e5 12. Nd2 Nxc3 13. Rxc3 b6 14. Nb3 Nb7 15. Re3 Bd7 16. f4 Rae8 17. Qc2 a5 18. Qd2 f5 19. Qc3 g5 20. c5 bxc5 21. Nxa5 Nxa5 22. Qxa5 Ra8 23. Qxc7 Rfc8 24. Qb6 Rcb8 1/2-1/2

[Event "LSS CP-2009-P-00074"]
[Site "LSS email"]
[Date "2009.09.27"]
[Round "?"]
[White "Rusak, Alexandr Victorovic"]
[Black "Veloso Fargnoli, Rodrigo"]
[Result "0-1"]
[WhiteElo "1908"]
[BlackElo "2181"]
[PlyCount "64"]
[EventDate "2009.10.01"]
[EventType "tourn (corr)"]
[EventRounds "6"]
[EventCountry "GER"]
[SourceTitle "Telechess CBM 137"]
[Source "ChessBase"]
[SourceDate "2010.07.15"]
[SourceVersion "1"]
[SourceVersionDate "2010.07.15"]
[SourceQuality "1"]

1. e4 c5 2. Nf3 d6 3. d4 cxd4 4. Nxd4 Nf6 5. Nc3 a6 6. Be2 e5 7. Nb3 Be7 8. 0-0 0-0 9. Be3 Be6 10. Qd2 Nbd7 11. a4 Qc7 12. Rfd1 Rac8 13. a5 Rfd8 14. Qe1 h6 15. Rd2 Nc5 16. Nxc5 dxc5 17. Rxd8+ Rxd8 18. b3 Qc6 19. Ra4 Rd4 20. Bxd4 cxd4 21. Nd5 Bxd5 22. exd5 Qxc2 23. Qd1 Qc5 24. Bc4 e4 25. h3 d3 26. Qe1 Qc7 27. g3 Bc5 28. Kg2 Qd7 29. Kh2 Qf5 30. Ra2 Nxd5 31. Bxd5 Qxd5 32. Qc3 h5 0-1

[Event "LSS CP-2009-P-00074"]
[Site "LSS email"]
[Date "2009.09.27"]
[Round "?"]
[White "Veloso Fargnoli, Rodrigo"]
[Black "Bidgood, Lee"]
[Result "1-0"]
[WhiteElo "2243"]
[BlackElo "1235"]
[PlyCount "35"]
[EventDate "2009.10.01"]
[EventType "tourn (corr)"]
[EventRounds "6"]
[EventCountry "GER"]
[SourceTitle "Telechess CBM 137"]
[Source "ChessBase"]
[SourceDate "2010.07.15"]
[SourceVersion "1"]
[SourceVersionDate "2010.07.15"]
[SourceQuality "1"]

1. e4 c5 2. Nf3 Nc6 3. d4 cxd4 4. Nxd4 e5 5. Nb5 a6 6. Nd6+ Bxd6 7. Qxd6 Qe7 8. Qd1 Nf6 9. Nc3 0-0 10. Bg5 h6 11. Nd5 Qc5 12. Bxf6 gxf6 13. Qg4+ Kh8 14. Qh4 Kg7 15. 0-0-0 d6 16. Rd3 Nb4 17. Rg3+ Kh7 18. Nxf6+ 1-0

[Event "LSS CP-2009-P-00074"]
[Site "LSS email"]
[Date "2009.09.27"]
[Round "?"]
[White "Veloso Fargnoli, Rodrigo"]
[Black "Kis Kos, Laszlo"]
[Result "0-1"]
[WhiteElo "2179"]
[BlackElo "1724"]
[PlyCount "52"]
[EventDate "2009.10.01"]
[EventType "tourn (corr)"]
[EventRounds "6"]
[EventCountry "GER"]
[SourceTitle "Telechess CBM 137"]
[Source "ChessBase"]
[SourceDate "2010.07.15"]
[SourceVersion "1"]
[SourceVersionDate "2010.07.15"]
[SourceQuality "1"]

1. e4 e5 2. f4 exf4 3. Nf3 d5 4. exd5 Nf6 5. Bc4 Nxd5 6. 0-0 Be7 7. d4 Be6 8. Qe2 0-0 9. Nc3 Nc6 10. Nxd5 Bxd5 11. Bxd5 Qxd5 12. Bxf4 Bd6 13. Qd2 Rad8 14. Bxd6 Rxd6 15. c3 f5 16. Rfe1 f4 17. Re2 g5 18. h3 h5 19. Rae1 g4 20. hxg4 hxg4 21. Ne5 Qxa2 22. Nxg4 Rg6 23. Nh2 Qd5 24. Rf1 Qh5 25. Ref2 Rh6 26. Nf3 Qh1# 0-1

[Event "LSS SA-2009-0-00079"]
[Site "LSS email"]
[Date "2009.08.19"]
[Round "?"]
[White "De Waele, Willy"]
[Black "Veloso Fargnoli, Rodrigo"]
[Result "1/2-1/2"]
[WhiteElo "2025"]
[BlackElo "2259"]
[PlyCount "60"]
[EventDate "2009.08.03"]
[EventType "tourn (corr)"]
[EventRounds "6"]
[EventCountry "GER"]
[SourceTitle "Telechess CBM 137"]
[Source "ChessBase"]
[SourceDate "2010.07.15"]
[SourceVersion "1"]
[SourceVersionDate "2010.07.15"]
[SourceQuality "1"]

1. e4 c5 2. Nf3 d6 3. d4 cxd4 4. Nxd4 Nf6 5. Nc3 a6 6. Be3 e6 7. f3 b5 8. Qd2 Nbd7 9. g4 h6 10. 0-0-0 Bb7 11. a3 Rc8 12. h4 d5 13. Rg1 b4 14. axb4 Bxb4 15. g5 Nh5 16. gxh6 gxh6 17. Nde2 Nhf6 18. Bg2 Qc7 19. exd5 Qa5 20. Kb1 Bxd5 21. Qd3 Bc4 22. Qd4 e5 23. Qa7 Be6 24. f4 Bxc3 25. Nxc3 Rxc3 26. bxc3 Qa3 27. c4 Bxc4 28. Qc7 Ke7 29. Ba7 Ba2+ 30. Ka1 Bd5+ 1/2-1/2

[Event "LSS SA-2009-0-00079"]
[Site "LSS email"]
[Date "2009.08.19"]
[Round "?"]
[White "Herzog, Klaus"]
[Black "Veloso Fargnoli, Rodrigo"]
[Result "1/2-1/2"]
[WhiteElo "1977"]
[BlackElo "2243"]
[PlyCount "47"]
[EventDate "2009.08.03"]
[EventType "tourn (corr)"]
[EventRounds "6"]
[EventCountry "GER"]
[SourceTitle "Telechess CBM 137"]
[Source "ChessBase"]
[SourceDate "2010.07.15"]
[SourceVersion "1"]
[SourceVersionDate "2010.07.15"]
[SourceQuality "1"]

1. d4 Nf6 2. c4 e6 3. Nc3 Bb4 4. f3 d5 5. a3 Bxc3+ 6. bxc3 c5 7. cxd5 Nxd5 8. dxc5 Qa5 9. e4 Ne7 10. Be3 0-0 11. Qb3 Qc7 12. f4 Nd7 13. Qc4 Nc6 14. a4 b6 15. cxb6 axb6 16. Nf3 Ba6 17. Qb3 Bxf1 18. Rxf1 e5 19. fxe5 Ncxe5 20. Nxe5 Qxe5 21. g3 Qxe4 22. Kf2 Rfb8 23. Qb1 Qc6 24. Qb5 1/2-1/2

[Event "LSS SA-2009-0-00079"]
[Site "LSS email"]
[Date "2009.08.19"]
[Round "?"]
[White "Orlov, Vladimir Borisovich"]
[Black "Veloso Fargnoli, Rodrigo"]
[Result "1/2-1/2"]
[WhiteElo "2146"]
[BlackElo "2259"]
[PlyCount "34"]
[EventDate "2009.08.03"]
[EventType "tourn (corr)"]
[EventRounds "6"]
[EventCountry "GER"]
[SourceTitle "Corr 2011"]
[Source "ChessBase"]
[SourceDate "2010.08.31"]
[SourceVersion "1"]
[SourceVersionDate "2010.08.31"]
[SourceQuality "1"]

1. e4 c5 2. Nf3 d6 3. d4 cxd4 4. Nxd4 Nf6 5. Nc3 a6 6. Bg5 e6 7. f4 Qb6 8. Qd2 Qxb2 9. Nb3 Qa3 10. Bxf6 gxf6 11. Be2 Nc6 12. 0-0 Bd7 13. Qe3 Rc8 14. Nb1 Qa4 15. Nc3 Qa3 16. Nb1 Qa4 17. Nc3 Qa3 1/2-1/2

[Event "LSS OP-2009-0-00857"]
[Site "LSS email"]
[Date "2009.05.26"]
[Round "?"]
[White "Veloso Fargnoli, Rodrigo"]
[Black "Podvoysky, Evgeny Borisovich"]
[Result "1-0"]
[WhiteElo "2177"]
[BlackElo "2238"]
[PlyCount "57"]
[EventDate "2009.05.23"]
[EventType "tourn (corr)"]
[EventRounds "4"]
[EventCountry "GER"]
[SourceTitle "Corr 2011"]
[Source "ChessBase"]
[SourceDate "2010.08.31"]
[SourceVersion "1"]
[SourceVersionDate "2010.08.31"]
[SourceQuality "1"]

1. e4 e5 2. f4 d5 3. exd5 c6 4. Qe2 cxd5 5. fxe5 Nc6 6. Nf3 Bc5 7. c3 d4 8. b4 Bb6 9. b5 Nce7 10. Nxd4 Bxd4 11. cxd4 Qxd4 12. Nc3 Nh6 13. Qe4 Nef5 14. Bb2 Be6 15. Qxd4 Nxd4 16. Rc1 Rc8 17. Bd3 0-0 18. Ne2 Rxc1+ 19. Nxc1 Rd8 20. Rf1 Bf5 21. Bxd4 Bxd3 22. Nxd3 Rxd4 23. Ke2 Rg4 24. Rc1 g5 25. Rc8+ Kg7 26. Rc7 Rxg2+ 27. Kd1 Nf5 28. e6 Rg1+ 29. Ne1 1-0

[Event "LSS OP-2009-0-00857"]
[Site "LSS email"]
[Date "2009.05.26"]
[Round "?"]
[White "Veloso Fargnoli, Rodrigo"]
[Black "Udvari, Norbert"]
[Result "1-0"]
[WhiteElo "2177"]
[BlackElo "1905"]
[PlyCount "61"]
[EventDate "2009.05.23"]
[EventType "tourn (corr)"]
[EventRounds "4"]
[EventCountry "GER"]
[SourceTitle "Corr 2011"]
[Source "ChessBase"]
[SourceDate "2010.08.31"]
[SourceVersion "1"]
[SourceVersionDate "2010.08.31"]
[SourceQuality "1"]

1. e4 e5 2. f4 d5 3. exd5 e4 4. d3 Nf6 5. dxe4 Nxe4 6. Nf3 Bc5 7. Qe2 Bf2+ 8. Kd1 Qxd5+ 9. Nfd2 0-0 10. Qxe4 Qh5+ 11. Nf3 Bg4 12. Bd3 Nd7 13. Rf1 Nf6 14. Qe2 Bb6 15. h3 Bd7 16. Qe5 Rad8 17. Bd2 Qh6 18. Nc3 Bc6 19. Qg5 Qxg5 20. fxg5 Nd7 21. Be4 Bxe4 22. Nxe4 Rfe8 23. Re1 Nf8 24. c4 a6 25. Kc2 Ne6 26. Bc3 c5 27. Nh4 Bc7 28. Nf5 Kf8 29. Rad1 b6 30. b4 Rxd1 31. Rxd1 1-0

[Event "LSS BI-2009-P-00007"]
[Site "LSS email"]
[Date "2009.04.19"]
[Round "?"]
[White "Veloso Fargnoli, Rodrigo"]
[Black "Daurelle, Herve"]
[Result "0-1"]
[WhiteElo "2176"]
[BlackElo "2368"]
[PlyCount "54"]
[EventDate "2009.04.20"]
[EventType "tourn (corr)"]
[EventRounds "10"]
[EventCountry "GER"]
[SourceTitle "Corr 2011"]
[Source "ChessBase"]
[SourceDate "2010.08.31"]
[SourceVersion "1"]
[SourceVersionDate "2010.08.31"]
[SourceQuality "1"]

1. d4 Nf6 2. c4 e6 3. Nc3 c5 4. d5 exd5 5. cxd5 d6 6. e4 g6 7. Nf3 a6 8. Bf4 b5 9. Qe2 Be7 10. e5 dxe5 11. d6 exf4 12. 0-0-0 Nc6 13. dxe7 Qc7 14. a4 Be6 15. g3 bxa4 16. Qd2 Qxe7 17. Qxf4 0-0 18. Qxa4 Nb4 19. Rd2 Rfd8 20. Be2 Rxd2 21. Nxd2 Nfd5 22. Nde4 f5 23. Nd2 Nxc3 24. bxc3 Bd5 25. cxb4 Qxe2 26. Rd1 cxb4 27. Qc2 Qe6 0-1

[Event "LSS RA-2009-0-00044"]
[Site "LSS email"]
[Date "2009.03.23"]
[Round "?"]
[White "Merrifield, David"]
[Black "Veloso Fargnoli, Rodrigo"]
[Result "1/2-1/2"]
[WhiteElo "2130"]
[BlackElo "2176"]
[PlyCount "70"]
[EventDate "2009.02.23"]
[EventType "tourn (corr)"]
[EventRounds "6"]
[EventCountry "GER"]
[SourceTitle "Corr 2011"]
[Source "ChessBase"]
[SourceDate "2010.08.31"]
[SourceVersion "1"]
[SourceVersionDate "2010.08.31"]
[SourceQuality "1"]

1. Nf3 b6 2. g3 Bb7 3. Bg2 Nf6 4. c4 c5 5. 0-0 g6 6. Nc3 Bg7 7. d4 cxd4 8. Qxd4 d6 9. Be3 Nbd7 10. Rac1 Rc8 11. b3 0-0 12. Qd2 a6 13. Rfd1 Re8 14. Bh3 Rb8 15. Bh6 Nc5 16. Bxg7 Kxg7 17. Qd4 Bc6 18. b4 Na4 19. Ne5 Qc7 20. Nxc6 Nxc3 21. Qxc3 Qxc6 22. a3 Red8 23. Rd2 Qc7 24. Bg2 Qd7 25. f4 Rbc8 26. e4 Qe6 27. e5 dxe5 28. Re2 Rc7 29. fxe5 Ng8 30. c5 Nh6 31. Ree1 bxc5 32. bxc5 Nf5 33. Red1 Rcd7 34. Rxd7 Qxd7 35. c6 Qc7 1/2-1/2

[Event "LSS RA-2009-0-00044"]
[Site "LSS email"]
[Date "2009.03.23"]
[Round "?"]
[White "Veloso Fargnoli, Rodrigo"]
[Black "Korzh, Leonty"]
[Result "1-0"]
[WhiteElo "2176"]
[BlackElo "2076"]
[PlyCount "47"]
[EventDate "2009.02.23"]
[EventType "tourn (corr)"]
[EventRounds "6"]
[EventCountry "GER"]
[SourceTitle "Corr 2011"]
[Source "ChessBase"]
[SourceDate "2010.08.31"]
[SourceVersion "1"]
[SourceVersionDate "2010.08.31"]
[SourceQuality "1"]

1. d4 Nf6 2. c4 e6 3. Nc3 Bb4 4. a3 Bxc3+ 5. bxc3 c5 6. e3 0-0 7. Bd3 Nc6 8. Ne2 b6 9. e4 d6 10. f4 Ba6 11. e5 Ne8 12. 0-0 Na5 13. f5 exf5 14. Ng3 dxe5 15. Nxf5 Bxc4 16. Bxc4 Nxc4 17. Nh6+ gxh6 18. Bxh6 Qd6 19. Bxf8 Qxf8 20. dxe5 Ng7 21. e6 Ne3 22. Qf3 Nxf1 23. exf7+ Kh8 24. Rxf1 1-0

[Event "LSS RA-2009-0-00043"]
[Site "LSS email"]
[Date "2009.03.19"]
[Round "?"]
[White "Veloso Fargnoli, Rodrigo"]
[Black "Giuliani, Carlo"]
[Result "1/2-1/2"]
[WhiteElo "2176"]
[BlackElo "2205"]
[PlyCount "60"]
[EventDate "2009.02.06"]
[EventType "tourn (corr)"]
[EventRounds "6"]
[EventCountry "GER"]
[SourceTitle "Corr 2011"]
[Source "ChessBase"]
[SourceDate "2010.08.31"]
[SourceVersion "1"]
[SourceVersionDate "2010.08.31"]
[SourceQuality "1"]

1. e4 c6 2. d4 d5 3. Nd2 dxe4 4. Nxe4 Bf5 5. Ng3 Bg6 6. N1e2 e6 7. Nf4 Bd6 8. Bc4 Nf6 9. Nxg6 hxg6 10. Bg5 Qa5+ 11. Bd2 Qc7 12. Qf3 Nbd7 13. 0-0-0 0-0-0 14. Kb1 Kb8 15. Bb3 c5 16. c3 cxd4 17. cxd4 Rc8 18. Rc1 Qb6 19. Ne2 Qb5 20. Rxc8+ Rxc8 21. Nc3 Qf5+ 22. Qxf5 gxf5 23. Nb5 Bc7 24. Nxc7 Kxc7 25. Rc1+ Kd8 26. Rxc8+ Kxc8 27. f3 Kc7 28. Kc2 Kd6 29. Kd3 Nd5 30. a3 b5 1/2-1/2

[Event "LSS RA-2009-0-00043"]
[Site "LSS email"]
[Date "2009.03.18"]
[Round "?"]
[White "Amann, Klaus"]
[Black "Veloso Fargnoli, Rodrigo"]
[Result "0-1"]
[WhiteElo "2039"]
[BlackElo "2176"]
[PlyCount "78"]
[EventDate "2009.02.06"]
[EventType "tourn (corr)"]
[EventRounds "6"]
[EventCountry "GER"]
[SourceTitle "Corr 2011"]
[Source "ChessBase"]
[SourceDate "2010.08.31"]
[SourceVersion "1"]
[SourceVersionDate "2010.08.31"]
[SourceQuality "1"]

1. e4 e5 2. Bc4 Bc5 3. b4 Bxb4 4. c3 Ba5 5. f4 Nc6 6. Nf3 exf4 7. d4 Nf6 8. e5 Ne4 9. Qb3 0-0 10. 0-0 d6 11. Bxf4 Bb6 12. Qc2 Bf5 13. Bd3 dxe5 14. Bxe4 Bxe4 15. Qxe4 f5 16. Qd3 exf4 17. Nbd2 Qd5 18. Rae1 Rae8 19. Nc4 Bc5 20. Rb1 b6 21. a4 g6 22. Rfe1 Kg7 23. Nb2 Bd6 24. Nc4 Rxe1+ 25. Rxe1 Be7 26. Nb2 Bf6 27. Qb5 Rd8 28. Nd3 g5 29. Qa6 Qd6 30. Qc4 Ne7 31. Nde5 Nd5 32. Qd3 g4 33. Nc4 Qc6 34. Nfe5 Bxe5 35. Rxe5 Rf8 36. h3 gxh3 37. Qf3 Qxc4 38. Rxd5 hxg2 39. Re5 Qf1+ 0-1

[Event "LSS RA-2009-0-00043"]
[Site "LSS email"]
[Date "2009.03.18"]
[Round "?"]
[White "Buchaillot, Luis Mario"]
[Black "Veloso Fargnoli, Rodrigo"]
[Result "1/2-1/2"]
[WhiteElo "1834"]
[BlackElo "2116"]
[PlyCount "46"]
[EventDate "2009.02.06"]
[EventType "tourn (corr)"]
[EventRounds "6"]
[EventCountry "GER"]
[SourceTitle "Corr 2011"]
[Source "ChessBase"]
[SourceDate "2010.08.31"]
[SourceVersion "1"]
[SourceVersionDate "2010.08.31"]
[SourceQuality "1"]

1. Nf3 d5 2. g3 b6 3. Bg2 Bb7 4. d4 e6 5. 0-0 Nd7 6. Qd3 Ngf6 7. Nc3 Be7 8. Bf4 Rc8 9. Ne5 0-0 10. Rad1 Nxe5 11. dxe5 Nd7 12. e4 g5 13. exd5 gxf4 14. dxe6 Nc5 15. Qc4 Qe8 16. Bxb7 Nxb7 17. Nd5 fxe6 18. Nxf4 Nd8 19. Nxe6 Nxe6 20. Qxe6+ Qf7 21. Qxf7+ Kxf7 22. f4 Ke6 23. Kg2 h5 1/2-1/2

[Event "LSS OP-2009-0-00790"]
[Site "LSS email"]
[Date "2009.03.18"]
[Round "?"]
[White "Veloso Fargnoli, Rodrigo"]
[Black "Baticulon, Nestor"]
[Result "1/2-1/2"]
[WhiteElo "2116"]
[BlackElo "1352"]
[PlyCount "25"]
[EventDate "2009.03.10"]
[EventType "tourn (corr)"]
[EventRounds "4"]
[EventCountry "GER"]
[SourceTitle "Corr 2013"]
[Source "ChessBase"]
[SourceDate "2012.11.12"]
[SourceVersion "1"]
[SourceVersionDate "2012.11.12"]
[SourceQuality "1"]

1. e4 e5 2. f4 exf4 3. Nf3 g5 4. Nc3 Bg7 5. d4 g4 6. Ne5 Bxe5 7. dxe5 Qh4+ 8. Kd2 Ne7 9. Nd5 Nxd5 10. exd5 Qf2+ 11. Kc3 Qc5+ 12. Kb3 Qb6+ 13. Kc3 1/2-1/2

[Event "LSS CP-2008-P-00060"]
[Site "LSS email"]
[Date "2008.10.01"]
[Round "?"]
[White "Adams, Mark"]
[Black "Veloso Fargnoli, Rodrigo"]
[Result "0-1"]
[WhiteElo "620"]
[BlackElo "2116"]
[PlyCount "58"]
[EventDate "2008.10.01"]
[EventType "tourn (corr)"]
[EventRounds "6"]
[EventCountry "GER"]
[SourceTitle "Corr 2011"]
[Source "ChessBase"]
[SourceDate "2010.08.31"]
[SourceVersion "1"]
[SourceVersionDate "2010.08.31"]
[SourceQuality "1"]

1. e4 c5 2. Nf3 d6 3. Nc3 e5 4. Bb5+ Nc6 5. 0-0 Nf6 6. d3 Be7 7. Nd5 0-0 8. Nxe7+ Nxe7 9. Bg5 Ng6 10. Re1 h6 11. Bd2 Be6 12. a3 Qb6 13. Ba4 c4 14. dxc4 Bxc4 15. b4 Rfd8 16. Rb1 d5 17. Be3 Qe6 18. exd5 Nxd5 19. Qc1 Nc3 20. Bb3 Nxb1 21. Qxb1 Bxb3 22. cxb3 Rac8 23. Bc5 b6 24. Be3 Rc3 25. Nd2 Rxe3 26. fxe3 Rxd2 27. Qc1 Qd5 28. Qc8+ Kh7 29. Qc7 Qxg2# 0-1